L'Ethiopie pour les touristes... - Facile - Statistiques

Statistiques générales
  • Ce quiz a été pris 6 fois
  • Le résultat moyen est 6 sur 20
Statistiques - réponses
Question Indice Réponses Indice facile % Correct
Le principal aéroport est A Addis-Abeba
83%
Ce pays est plus grand que la France (oui/non) Oui
83%
Quel est le régime du pays ? R République
67%
Quelle est la langue officielle ? Amharique A
50%
Achats à faire 1/ Symbole chrétien Croix IXCRO
50%
Le suffixe internet est et
50%
Code sur les plaques minéralogiques ETH
50%
Quel pays a accordé son indépendance à celui-ci ? France
50%
Achats à faire 4/ Bijoux en Or RO
50%
Dans la capitale quel est le décalage horaire avec Paris ? (+ ou - et chiffre) ex - 10 ou + 3,5 + 1
17%
Achats à faire 3/ Grigri Amulette LUTATEEM
17%
Quelle est la monnaie ? Birr B
17%
La religion majoritaire est Christianisme C
17%
Quelles sont les principaux lieux touristiques ? S Lacs de la vallée du {Rift} FRIT
17%
Quelles sont les principaux lieux touristiques ? T Ville de {Lalibela} LLLAAEIB
17%
Achats à faire 5/ Parfum Encens ESNENC
0%
Achats à faire 2/ Bâton de Pèlerin EIRPNEL
0%
Quel est le climat local ? T A D {Tropical} {Alpin} et {Désertique}
0%
Quelles sont les principaux lieux touristiques ? B Ville d"{Axoum} OUAXM
0%
Quelles sont les principaux lieux touristiques ? B Ville de {Gondar} RGNADO
0%
Aucun quiz correspondant
Distribution des résultats
% des personnes avec chaque résultat
Percentile par nombre de réponses
Votre historique - résultats
Vous n’avez pas pris ce quiz